Tekst piosenki ''Baśka'' - Statystyki

Ogólne statystyki
  • Ten quiz został rozwiązany 907 razy
  • Średni wynik to 23 z 30
Statystyki odpowiedzi
Tekst: Brakujące Słowa: % Poprawnych
... miała fajny biust, Baśka
100%
Że chciała przeżyć ze mną swój ... raz. Pierwszy
91%
Jak ... w galopie, Konie
90%
Jak ... w galopie, Konie
90%
Nawet tuż po swoim ... Ślubie
90%
Zagłaskałaby na ..., Śmierć
89%
Z ... można było konie kraść, Kaśką
88%
a ... – coś, co lubię. Zośka
87%
... – styl, Ania
86%
Jak ... nad nami. Niebo
86%
Jak ... nad nami. Niebo
86%
A ... zdradzała mnie. Agnieszka
81%
Piękne jak ... Okręt
80%
Piękne jak ... Okręt
80%
Pod ... żaglami, Pełnymi
78%
Pod ... żaglami, Pełnymi
78%
... całowała cudnie, Ela
77%
Chociaż ..., Wiem
77%
Wszystko mógłbym ... dać, Izie
75%
A ... była okej. Monika
75%
Ale one wcale nie chciały ... Brać
73%
Więc na noc umówiłem się z ... Alą
71%
... zimna jak lód, Ewelina
66%
... – w Hollywood, Karolina
63%
Tak jak ..., Oli
62%
Aż ... mnie, Onieśmielała
62%
Z ... nigdy nie było tak samo. Aśką
60%
... mnie Jolka
60%
... – zło, Magda
58%
... – jeden grzech, Małgorzata
56%
Nie znaleziono quizów pasujących do podanych kryteriów
Rozkład punktacji
Procent ludzi z każdym wynikiem
Percentyl według liczby udzielonych odpowiedzi
Twoja historia wyników
Nie rozwiązałeś tego quizu